Bundesliga Assist Leaders By Year - Statistics

General Stats
  • This quiz has been taken 83 times
  • The average score is 9 of 11
Answer Stats
Player Player Nationality Assist % Correct
17-18 Thomas Muller Germany 14
97%
19-20 Thomas Muller Germany 21
97%
20-21 Thomas Muller Germany 18
97%
21-22 Thomas Muller Germany 18
97%
14-15 Kevin de Bruyne Belgium 17
88%
15-16 Henrikh Mkhitaryan Armenia 17
74%
18-19 Jodon Sancho England 14
72%
23-24 Alex Grimaldo Spain 13
68%
22-23 Raphael Guerreiro Portugal 12
68%
16-17 Emil Forsberg Sweden 19
63%
13-14 Marco Reus Germany 11
54%
No matching quizzes found
Score Distribution
Percent of People with Each Score
Percentile by Number Answered
Your Score History
You have not taken this quiz